Statystyki dla Ptaki dla Pociska 5

Kliknij tutaj aby rozwiązać quiz!

Ogólne statystyki

  • Ten quiz został rozwiązany 15 razy
  • Średni wynik to 9 z 16

Statystyki odpowiedzi

Odpowiedź% Poprawnych
wróbel
92%
wilga
75%
dzwoniec
67%
skowronek
67%
wąsatka
67%
krętogłów
58%
mysikrólik
58%
pliszka siwa
58%
raniuszek
58%
pliszka żółta
50%
trznadel
50%
kulczyk
42%
makolągwa
42%
potrzos
33%
potrzeszcz
25%
ortolan
8%

Rozkład punktacji

Percentyl według liczby udzielonych odpowiedzi

Procent ludzi z każdym wynikiem

Twoja historia wyników

Nie rozwiązałeś tego quizu